| 000 | 01345nam a22003497a 4500 | ||
|---|---|---|---|
| 003 | EG-ScBUE | ||
| 005 | 20220201112456.0 | ||
| 008 | 220201s2018 ti f 000 0 ara d | ||
| 017 | _a2018/4483 | ||
| 020 | _a9789778280180 | ||
| 040 |
_aEG-ScBUE _bara _erda _cEG-ScBUE _dEG-ScBUE |
||
| 041 | 1 |
_aara _heng |
|
| 082 | 0 | 4 |
_222 _a152.4 _bم ا ن |
| 100 | 1 |
_aمانسون، مارك، _eمؤلف. |
|
| 240 | 1 | 0 |
_aSubtle art of not giving a f*ck. _lArabic |
| 245 | 1 | 0 |
_aفن اللامبالاة : _bلعيش حياة تخالف المألوف / _cمارك مانسون ؛ ترجمة الحارث النبهان. |
| 250 | _aالطبعة الأولى. | ||
| 264 | 1 |
_aتونس : _bمنشورات الرمل، _c2018. |
|
| 300 |
_a271 صفحة ؛ _c24 سم |
||
| 336 |
_2rdacontent _aنص _btxt |
||
| 337 |
_2rdamedia _aبدون وسيط _bn |
||
| 338 |
_2rdacarrier _aمجلد _bnc |
||
| 541 | _aBook Fair 2022. | ||
| 546 | _aالنص باللغة العربية وتم ترجمته من اللغة الإنجليزية. | ||
| 650 | 7 |
_aاللامبالاة (علم نفس). _2BUEsh |
|
| 650 | 7 |
_aالانفعالات النفسية. _2BUEsh |
|
| 650 | 7 |
_aالاضطرابات النفسية. _2BUEsh |
|
| 653 | _bHHUUPPSS | ||
| 655 |
_vReading book _934232 |
||
| 700 | 1 |
_aالنبهان، الحارث، _eمترجم. |
|
| 942 | _2ddc | ||
| 999 |
_c29763 _d29734 |
||